Chup / (Record no. 329683)

000 -LEADER
fixed length control field 00632nam a22002177a 4500
003 - CONTROL NUMBER IDENTIFIER
control field Nust
005 - DATE AND TIME OF LATEST TRANSACTION
control field 20250304105553.0
008 - FIXED-LENGTH DATA ELEMENTS--GENERAL INFORMATION
fixed length control field 170112b xxu||||| |||| 00| 0 eng d
020 ## - INTERNATIONAL STANDARD BOOK NUMBER
International Standard Book Number 9695037119
040 ## - CATALOGING SOURCE
Transcribing agency NUST
082 ## - DEWEY DECIMAL CLASSIFICATION NUMBER
Classification number 891.439301
Author Mark MUM
100 ## - MAIN ENTRY--PERSONAL NAME
Personal name Mufti, Mumtaz
9 (RLIN) 1012
245 ## - TITLE STATEMENT
Title Chup /
Statement of responsibility, etc. Mumtaz Mufti
260 ## - PUBLICATION, DISTRIBUTION, ETC.
Place of publication, distribution, etc. Lahore:
Name of publisher, distributor, etc. Al Faisal;
Date of publication, distribution, etc. 2008.
300 ## - PHYSICAL DESCRIPTION
Extent 252p:,
Other physical details 22 cm.
650 ## - SUBJECT ADDED ENTRY--TOPICAL TERM
Topical term or geographic name entry element Afsany
9 (RLIN) 1013
880 ## - ALTERNATE GRAPHIC REPRESENTATION
Title چپ
Linkage 245-02\(3\r
c ممتاز مفتی
880 ## - ALTERNATE GRAPHIC REPRESENTATION
Title ممتاز مفتی
Linkage 100-01\(3\r
880 ## - ALTERNATE GRAPHIC REPRESENTATION
Title لاہور:
Linkage 260-03\(3\r
b الفیصل ناشران و تاجران،
c 2010
942 ## - ADDED ENTRY ELEMENTS (KOHA)
Koha item type Book
Source of classification or shelving scheme
Holdings
Withdrawn status Lost status Source of classification or shelving scheme Damaged status Not for loan Permanent Location Current Location Shelving location Date acquired Total Checkouts Total Renewals Full call number Barcode Date last seen Date last checked out Copy number Price effective from Koha item type Source of acquisition Checked out
          Central Library (CL) Central Library (CL) Fiction 05/18/2017 3 5 891.439301 MUF CL1873 08/18/2025 06/27/2024 1 05/18/2017 Book    
          Central Library (CL) Central Library (CL) Urdu Literature 04/19/2023 3 1 891.439301 MUF CL-D-2280 04/21/2026 07/31/2025   04/19/2023 Book Donated by Tughral Yamin Ex Dean NIPS  
          Central Library (CL) Central Library (CL)   03/04/2025 1   891.439301 MUF CL-D-2689 05/26/2025 05/26/2025   03/04/2025 Book   06/25/2025
© 2023 Central Library, National University of Sciences and Technology. All Rights Reserved.